000 01402nam a22003857a 4500
003 CHAP
005 20220329140107.0
008 971013s1983 r 00010 d
010 _a46907
011 _a47879
035 _a52022
040 _cCHAP
090 _aTesis
100 0 0 _aValdez Calderón, Ramón.
_9117263
245 _aEvaluación de técnicas para determinar madurez fisiológica del sorgo (Sorghum bicolor L. Moench) para los Valles Altos de México
260 _aCuautitlán, Méx. :
_bEl autor,
_c1983
300 _a66 h.
_b: ilus. ; gráfs.
502 _aTesis (Ing. Agrícola) -- UNAM. Fac. de Estudios Superiores Cuautitlán
590 _aALEPH
_b10
_c20130110
_lUCH01
_h1316
590 _aBATCH-UPD
_b10
_c20130109
_lUCH01
_h2322
590 _aBATCH-UPD
_b10
_c20130110
_lUCH01
_h0338
590 _aBATCH-UPD
_b10
_c20130409
_lUCH01
_h1845
590 _aBATCH-UPD
_b10
_c20130410
_lUCH01
_h0011
590 _aBATCH-UPD
_b10
_c20130410
_lUCH01
_h1507
590 _aBATCH-UPD
_b10
_c20130914
_lUCH01
_h1527
590 _aCONVERSION
_b10
_c20130109
_lUCH01
_h1326
650 1 4 _aSorgo
_xFisiología y morfología.
_9108671
650 1 4 _aSorgo
_xMaduración.
_9108690
650 1 4 _aSorgo
_xVariedades.
_9108734
700 0 _aGarcía Cisneros, Alfredo.
_945863
901 _aBK
942 _cFOLL
949 _bBC
_cTES
_d-116118
_eTS1
_i52022
_si
949 _bBC
_cTES
_d-116119
_eTS2
_fc.2
_i52022
_si
999 _c46907
_d46907